000 00352nam a2200133Ia 4500
008 240624s9999 xx 000 0 und d
041 _aeng
082 _a658.049 ALI
100 _aALI ABBAS J
245 _aGLOBALIZATION OF BUSINESS PRACTICE AND T
260 _c2004
_aMumbai
_bJaico Publishing House
300 _axii, : 342 : p. : cm. ; 25
365 _cRS
999 _c736
_d736